Возможности и перспективы строительства "умных" скважин; Проблемы геологии и освоения недр; Т. 2

Podrobná bibliografie
Parent link:Проблемы геологии и освоения недр: труды XX Международного симпозиума имени академика М. А. Усова студентов и молодых ученых, посвященного 120-летию со дня основания Томского политехнического университета, Томск, 4-8 апреля 2016 г./ Национальный исследовательский Томский политехнический университет (ТПУ), Институт природных ресурсов (ИПР) ; Общество инженеров-нефтяников, международная некоммерческая организация, Студенческий чаптер ; под ред. А. Ю. Дмитриева.— , 2016
Т. 2.— 2016.— [С. 723-726]
Hlavní autor: Губарев М. И.
Korporativní autor: Национальный исследовательский Томский политехнический университет (ТПУ) Институт природных ресурсов (ИПР) Кафедра бурения скважин (БС)
Další autoři: Епихин А. В. Антон Владимирович (научный руководитель)
Shrnutí:Заглавие с экрана
Jazyk:ruština
Vydáno: 2016
Edice:Современные техника и технологии бурения скважин
Témata:
On-line přístup:http://earchive.tpu.ru/handle/11683/32084
Médium: MixedMaterials Elektronický zdroj Kapitola
KOHA link:https://koha.lib.tpu.ru/cgi-bin/koha/opac-detail.pl?biblionumber=620081

MARC

LEADER 00000naa2a2200000 4500
001 620081
005 20231101133107.0
035 |a (RuTPU)RU\TPU\conf\18550 
035 |a RU\TPU\conf\18548 
090 |a 620081 
100 |a 20160916d2016 k y0rusy50 ca 
101 0 |a rus 
102 |a RU 
105 |a y z 100zy 
135 |a drgn ---uucaa 
181 0 |a i  
182 0 |a b 
200 1 |a Возможности и перспективы строительства "умных" скважин  |f М. И. Губарев  |g науч. рук. А. В. Епихин 
203 |a Текст  |c электронный 
225 1 |a Современные техника и технологии бурения скважин 
230 |a 1 компьютерный файл (pdf; 586 Kb) 
300 |a Заглавие с экрана 
320 |a [Библиогр.: с. 726 (6 назв.)] 
461 1 |0 (RuTPU)RU\TPU\conf\17456  |t Проблемы геологии и освоения недр  |o труды XX Международного симпозиума имени академика М. А. Усова студентов и молодых ученых, посвященного 120-летию со дня основания Томского политехнического университета, Томск, 4-8 апреля 2016 г.  |o в 2 т.  |f Национальный исследовательский Томский политехнический университет (ТПУ), Институт природных ресурсов (ИПР) ; Общество инженеров-нефтяников, международная некоммерческая организация, Студенческий чаптер ; под ред. А. Ю. Дмитриева  |d 2016 
463 1 |0 (RuTPU)RU\TPU\conf\17458  |t Т. 2  |v [С. 723-726]  |d 2016 
610 1 |a труды учёных ТПУ 
610 1 |a электронный ресурс 
610 1 |a перспективы 
610 1 |a строительство 
610 1 |a скважины 
610 1 |a нефтегазовые комплексы 
610 1 |a эксплуатационные скважины 
610 1 |a интеллектуальные месторождения 
700 1 |a Губарев  |b М. И. 
702 1 |a Епихин  |b А. В.  |c специалист в области нефтегазового дела  |c ассистент кафедры Томского политехнического университета  |f 1988-   |g Антон Владимирович  |2 stltpush  |4 727 
712 0 2 |a Национальный исследовательский Томский политехнический университет (ТПУ)  |b Институт природных ресурсов (ИПР)  |b Кафедра бурения скважин (БС)  |h 256  |2 stltpush  |3 (RuTPU)RU\TPU\col\18666 
801 2 |a RU  |b 63413507  |c 20160930  |g RCR 
856 4 |u http://earchive.tpu.ru/handle/11683/32084 
942 |c BK